<?xml version="1.0" encoding="UTF-8"?><?xml-stylesheet type="text/xsl" href="static/style.xsl"?><OAI-PMH xmlns="http://www.openarchives.org/OAI/2.0/" xmlns:xsi="http://www.w3.org/2001/XMLSchema-instance" xsi:schemaLocation="http://www.openarchives.org/OAI/2.0/ http://www.openarchives.org/OAI/2.0/OAI-PMH.xsd"><responseDate>2026-04-27T21:27:25Z</responseDate><request verb="GetRecord" identifier="oai:uvadoc.uva.es:10324/65679" metadataPrefix="marc">https://uvadoc.uva.es/oai/request</request><GetRecord><record><header><identifier>oai:uvadoc.uva.es:10324/65679</identifier><datestamp>2025-02-03T12:22:19Z</datestamp><setSpec>com_10324_1695</setSpec><setSpec>com_10324_954</setSpec><setSpec>com_10324_894</setSpec><setSpec>col_10324_1697</setSpec></header><metadata><record xmlns="http://www.loc.gov/MARC21/slim" xmlns:doc="http://www.lyncode.com/xoai" xmlns:xsi="http://www.w3.org/2001/XMLSchema-instance" xmlns:dcterms="http://purl.org/dc/terms/" xsi:schemaLocation="http://www.loc.gov/MARC21/slim http://www.loc.gov/standards/marcxml/schema/MARC21slim.xsd">
<leader>00925njm 22002777a 4500</leader>
<datafield tag="042" ind1=" " ind2=" ">
<subfield code="a">dc</subfield>
</datafield>
<datafield tag="720" ind1=" " ind2=" ">
<subfield code="a">Andrés González, Patricia</subfield>
<subfield code="e">author</subfield>
</datafield>
<datafield tag="260" ind1=" " ind2=" ">
<subfield code="c">2018</subfield>
</datafield>
<datafield tag="520" ind1=" " ind2=" ">
<subfield code="a">El tapiz fue un elemento esencial en la celebración de la procesión del Corpus Christi. Ayudaba a solemnizar el espacio porque el que la Custodia pasaba, pero por los datos conservados, se debe deducir que su valor estaba en la riqueza de su material o la magnificencia mostrada por su posesión, pero no aportaban simbolismo a la procesión. Eran fundamentalmente un elemento ornamental.</subfield>
</datafield>
<datafield tag="024" ind2=" " ind1="8">
<subfield code="a">Miguel Ángel Zalama Rodríguez (dir.) Jesús Félix Pascual Molina, María José Martínez Ruiz (coord.), Magnificencia y arte: devenir de los tapices en la historia, Trea, 2018, ISBN 978-84-17140-38-0, págs. 155-168.</subfield>
</datafield>
<datafield tag="024" ind2=" " ind1="8">
<subfield code="a">978-84-17140-38-0</subfield>
</datafield>
<datafield tag="024" ind2=" " ind1="8">
<subfield code="a">https://uvadoc.uva.es/handle/10324/65679</subfield>
</datafield>
<datafield tag="024" ind2=" " ind1="8">
<subfield code="a">155</subfield>
</datafield>
<datafield tag="024" ind2=" " ind1="8">
<subfield code="a">168</subfield>
</datafield>
<datafield tag="245" ind1="0" ind2="0">
<subfield code="a">Se regaron todas las calles y se adornaron con colgaduras riquísimas": los tapices en la festividad del Corpus</subfield>
</datafield>
</record></metadata></record></GetRecord></OAI-PMH>